000 00363nam a2200145Ia 4500
005 20251222152046.0
008 251222s9999||||xx |||||||||||||| ||spa||
020 _a8467431326
082 _a823.8/W56/Ej.2
100 _aWilde, Oscar
245 4 _aThe Canterville Ghost- El fantasma de Canterville:
250 _a1ra. ed.
264 _bPASA, S.A.
942 _cLIB
999 _c26229
_d26229